| 000 | 01353cam a2200337 i 4500 | ||
|---|---|---|---|
| 001 | 768714001 | ||
| 003 | CO-MdFUSB | ||
| 005 | 20250529110636.0 | ||
| 007 | ta | ||
| 008 | 900911t1990 ilu b 000 0 eng | ||
| 010 | _a 90049047 | ||
| 020 | _a0830817395 | ||
| 040 |
_aDLC _cCO-MdFUSB _dDLC _dCO-MdFUSB _bspa _erda |
||
| 041 | _aeng | ||
| 082 | 0 | 0 |
_223 _a248.47 _bR939 |
| 100 | 1 |
_aRuncorn, David. _eautor |
|
| 245 | 1 | 2 |
_aA center of quiet : _bhearing God when life is noisy _c/ David Runcorn. |
| 264 | 1 |
_aDowners Grove, Ill. : _bInterVarsity Press, _c[1990] |
|
| 264 | 4 | _c©1990 | |
| 300 |
_a144 páginas ; _c21 cm. |
||
| 336 |
_2rdacontent _atexto _btxt |
||
| 337 |
_2rdamedia _asin mediación _bn |
||
| 338 |
_2rdacarrier _avolumen _bnc |
||
| 504 | _aIncluye referencias bibliográficas (páginas. 140-144) | ||
| 505 | _aParte 1. La llamada a la soledad. Estar solo - Con todo mi ser - Conocer nuestro mundo - Volver al corazón - Parte II. La compañía del silencio. Una preferencia por el desierto - El vacío temeroso - Búhos rellenos y salas de espera - Polvo y gloria - Parte III. En medio de la vida. El lenguaje de los locos - La palabra que salta - Con la gente en tu corazón - Tesoro escondido. | ||
| 563 | _aRústico | ||
| 650 | 0 |
_aVida cristiana _919 |
|
| 942 | _cBK | ||
| 945 | _aJTF-925 | ||
| 999 |
_c66433 _d66433 |
||